000 00916nam a22002537a 4500
005 20170123162331.0
010 _aA-853675
020 _c90.00
035 _aA-853675
037 _bCen Lib/Ret
040 _aDPL
_bUR
082 _a840.8
_bخ ل ی
245 _aڈاکٹر خلیق انجم :
_cمرتب ایم حبیب خان
_bشخصیت اور ادبی خدمات /
246 _aDoctor Khaleeq Anjum : shakhsiyat aur adabi khidmaat /
_bedited by M. Habeeb Khan
260 _bماہنامہ کتاب نما
_aنیی دہلی
270 _bنیی دہلی
_aجامہ نگر
_e110025
300 _a167p.
_c21cm(Hb)
650 _aادب -- اردو
_9121709
650 _aاردو سوانے عمری
_9121710
650 _aUrdu literature
_9121711
650 _aUrdu biography
_9511
700 _a ایم حبیب خان
_9516
942 _2ddc
_cUR
_h840.8
_mخ ل ی
999 _c107818
_d107818